Podio Canzoni Sanremo 1951-2026 - Statistics

Statistiche generali
  • Questo quiz è stato fatto 65 volte
    8 dall'ultimo reset
  • Il punteggio medio è 96 su 226
Statistiche sulle risposte
Anno Posizione Artista Canzone % Corretto
1986 1 Eros Ramazzotti Adesso tu
100%
1961 1 Betty Curtis / Luciano Tajoli Al di là
100%
2022 2 Elisa O forse sei tu
100%
2026 1 Sal Da Vinci Per sempre si
100%
1997 3 Syria Sei tu
100%
2025 1 Olly Balorda nostalgia
88%
2026 3 Ditonellapiaga Che fastidio!
88%
1984 1 Al Bano / Romina Power Ci sarà
88%
2024 2 Geolier I p' me, tu p' te
88%
2024 1 Angelina Mango La noia
88%
2014 2 Raphael Gualazzi Liberi o no
88%
2003 1 Alexia Per dire di no
88%
2010 1 Valerio Scanu Per tutte le volte che...
88%
2026 2 Sayf Tu mi piaci tanto
88%
2022 1 Mahmood / Blanco Brividi
75%
2023 2 Lazza Cenere
75%
1971 2 Ricchi e Poveri / José Feliciano Che sarà
75%
1993 2 Cristiano De Andrè Dietro la porta
75%
2023 1 Marco Mengoni Due vite
75%
1982 2 Al Bano / Romina Power Felicità
75%
1997 1 Jalisse Fiumi di parole
75%
2015 1 Il Volo Grande amore
75%
1970 2 Nicola Di Bari / Ricchi e Poveri La prima cosa bella
75%
1996 2 Elio e le Storie Tese La terra dei cachi
75%
1981 2 Loretta Goggi Maledetta primavera
75%
1983 3 Dori Ghezzi Margherita non lo sa
75%
1993 1 Enrico Ruggeri Mistero
75%
1958 1 Domenico Modugno / Johnny Dorelli Nel blu dipinto di blu
75%
1991 3 Marco Masini Perché lo fai
75%
1988 1 Massimo Ranieri Perdere l'amore
75%
1981 1 Alice Per Elisa
75%
1983 1 Tiziana Rivale Sarà quel che sarà
75%
1987 1 Gianni Morandi / Enrico Ruggeri / Umberto Tozzi Si può dare di più
75%
1980 1 Toto Cutugno Solo noi
75%
1980 3 Pupo Su di noi
75%
1990 1 Pooh Uomini soli
75%
2025 2 Lucio Corsi Volevo essere un duro
75%
1969 1 Bobby Solo / Iva Zanicchi Zingara
75%
2005 1 Francesco Renga Angelo
63%
2022 3 Gianni Morandi Apri tutte le porte
63%
1977 1 Homo Sapiens Bella da morire
63%
1968 3 Adriano Celentano / Milva Canzone
63%
1954 2 Katyna Ranieri / Achille Togliani Canzone da due soldi
63%
2011 1 Roberto Vecchioni Chiamami ancora amore
63%
1995 1 Giorgia Come saprei
63%
2014 1 Arisa Controvento
63%
2002 2 Alexia Dimmi come...
63%
2006 2 Nomadi Dove si va
63%
2020 1 Diodato Fai rumore
63%
2015 2 Nek Fatti avanti amore
63%
1995 3 Ivana Spagna Gente come noi
63%
2010 2 Pupo / Emanuele Filiberto / Luca Canonici Italia amore mio
63%
2025 3 Brunori Sas L'albero delle noci
63%
2012 2 Arisa La notte
63%
1953 3 (ex aequo) Achille Togliani / Teddy Reno Lasciami cantare una canzone
63%
2013 1 Marco Mengoni L'essenziale
63%
2016 2 Francesca Michielin Nessun grado di separazione
63%
2018 1 Ermal Meta / Fabrizio Moro Non mi avete fatto niente
63%
1967 1 Claudio Villa / Iva Zanicchi Non pensare a me
63%
2017 1 Francesco Gabbani Occidentali's Karma
63%
1992 1 Luca Barbarossa Portami a ballare
63%
2020 3 Pinguini Tattici Nucleari Ringo Starr
63%
1960 1 Tony Dallara / Renato Rascel Romantica
63%
1998 1 Annalisa Minetti Senza te o con te
63%
1991 1 Riccardo Cocciante Se stiamo insieme
63%
2019 1 Mahmood Soldi
63%
1982 1 Riccardo Fogli Storie di tutti i giorni
63%
2023 3 Mr. Rain Supereroi
63%
2007 1 Simone Cristicchi Ti regalerò una rosa
63%
2017 3 Ermal Meta Vietato morire
63%
1952 1 Nilla Pizzi Vola Colomba
63%
2006 1 Povia Vorrei avere il becco
63%
1996 1 Ron / Tosca Vorrei incontrarti fra cent'anni
63%
2021 1 Måneskin Zitti e buoni
63%
2003 2 Alex Britti 7000 caffè
50%
1956 1 Franca Raimondi Aprite le finestre
50%
1968 1 Sergio Endrigo / Roberto Carlos Canzone per te
50%
1970 1 Adriano Celentano / Claudia Mori Chi non lavora non fa l'amore
50%
1978 1 Matia Bazar ...e dirsi ciao
50%
2008 3 Fabrizio Moro Eppure mi hai cambiato la vita
50%
2006 3 Anna Tatangelo Essere una donna
50%
1978 3 Rino Gaetano Gianna
50%
1992 2 Mia Martini Gli uomini non cambiano
50%
1951 1 Nilla Pizzi Grazie dei fiori
50%
1986 2 Renzo Arbore Il clarinetto
50%
2018 3 Annalisa Il mondo prima di te
50%
1995 2 Gianni Morandi / Barbara Cola In amore
50%
2013 2 Elio e le Storie Tese La canzone mononota
50%
1992 3 Paolo Vallesi La forza della vita
50%
2009 1 Marco Carta La forza mia
50%
2000 2 Irene Grandi La tua ragazza sempre
50%
2009 2 Povia Luca era gay
50%
2001 1 Elisa Luce (tramonti a nord est)
50%
2004 1 Marco Masini L'uomo volante
50%
2002 1 Matia Bazar Messaggio d'amore
50%
1985 2 Luis Miguel Noi, ragazzi di oggi
50%
2012 1 Emma Non è l'inferno
50%
1964 1 Gigliola Cinquetti / Patricia Carli Non ho l'età (Per amarti)
50%
1975 1 Gilda Ragazza del sud
50%
2000 1 Piccola Orchestra Avion Travel Sentimento
50%
1951 3 Achille Togliani Serenata a nessuno
50%
1994 2 Giorgio Faletti Signor tenente
50%
2012 3 Noemi Sono solo parole
50%
1994 3 Laura Pausini Strani amori
50%
1989 1 Anna Oxa / Fausto Leali Ti lascerò
50%
1954 1 Giorgio Consolini / Gino Latilla Tutte le mamme
50%
2018 2 Lo Stato Sociale Una vita in vacanza
50%
1990 3 Amedeo Minghi / Mietta Vattene amore
50%
2020 2 Francesco Gabbani Viceversa
50%
1961 2 Adriano Celentano / Little Tony 24mila baci
38%
1971 3 Lucio Dalla / Equipe 84 4 marzo 1943
38%
2011 3 Al Bano Amanda è libera
38%
2011 2 Modà / Emma Arriverà
38%
1968 2 Ornella Vanoni / Marisa Sannia Casa bianca
38%
2017 2 Fiorella Mannoia Che sia benedetta
38%
1985 3 Gigliola Cinquetti Chiamalo amore
38%
2021 2 Francesca Michielin / Fedez Chiamami per nome
38%
2008 1 Giò Di Tonno / Lola Ponce Colpo di fulmine
38%
1999 3 Mariella Nava Così è la vita
38%
1966 1 Domenico Modugno / Gigliola Cinquetti Dio, come ti amo
38%
2001 2 Giorgia Di sole e d'azzurro
38%
1976 3 (ex aequo) Sandro Giacobbe Gli occhi di tua madre
38%
1971 1 Nada / Nicola Di Bari Il cuore è uno zingaro
38%
2008 2 Anna Tatangelo Il mio amico
38%
2019 2 Ultimo I tuoi particolari
38%
1989 2 Toto Cutugno Le mamme
38%
1969 2 Sergio Endrigo - Mary Hopkin Lontano dagli occhi
38%
1976 1 Peppino Di Capri Non lo faccio più
38%
2009 3 Sal Da Vinci Non riesco a farti innamorare
38%
1952 2 Nilla Pizzi Papaveri e papere
38%
1994 1 Aleandro Baldi Passerà
38%
1967 2 Annarita Spinaci / Les Surfs Quando dico che ti amo
38%
2007 3 Piero Mazzocchetti Schiavo d'amore
38%
1985 1 Ricchi e Poveri Se m'innamoro
38%
1998 3 Lisa Sempre
38%
1999 1 Anna Oxa Senza pietà
38%
1986 3 Marcella Bella Senza un briciolo di testa
38%
2013 3 Modà Se si potesse non morire
38%
2024 3 Annalisa Sinceramente
38%
1991 2 Renato Zero Spalle al muro
38%
1997 2 Anna Oxa Storie
38%
2003 3 Sergio Cammariere Tutto quello che un uomo
38%
2002 3 Gino Paoli Un altro amore
38%
1973 1 Peppino Di Capri Un grande amore e niente più
38%
1975 3 Rosanna Fratello Va' speranza va'
38%
1976 3 (ex aequo) Albatros Volo AZ 504
38%
1979 1 Mino Vergnaghi Amare
25%
1963 2 Claudio Villa / Eugenia Foligatti Amor mon amour my love
25%
1955 1 Claudio Villa / Tullio Pane Buongiorno tristezza
25%
1974 1 Iva Zanicchi Ciao cara come stai?
25%
1976 2 Wess / Dori Ghezzi Come stai, con chi sei
25%
1957 1 Claudio Villa / Nunzio Gallo Corde della mia chitarra
25%
2010 3 Marco Mengoni Credimi ancora
25%
1987 2 Toto Cutugno Figli
25%
1990 2 Toto Cutugno Gli amori
25%
1972 1 Nicola Di Bari I giorni dell'arcobaleno
25%
2000 3 Gianni Morandi Innamorato
25%
1970 3 Sergio Endrigo / Iva Zanicchi L'arca di Noè
25%
1960 2 Domenico Modugno / Teddy Reno Libero
25%
2019 3 Il Volo Musica che resta
25%
1966 2 Caterina Caselli / Gene Pitney Nessuno mi può giudicare
25%
1987 3 Al Bano / Romina Power Nostalgia canaglia
25%
2014 3 Renzo Rubino Ora
25%
1959 1 Domenico Modugno / Johnny Dorelli Piove (ciao ciao bambina)
25%
1967 3 I Giganti / The Bachelors Proposta
25%
1974 2 Domenico Modugno Questa è la mia vita
25%
2001 3 Matia Bazar Questa nostra grande storia d'amore
25%
2004 2 Mario Rosini Sei la vita mia
25%
1965 1 Bobby Solo Se piangi, se ridi
25%
1984 2 Toto Cutugno Serenata
25%
1982 3 Drupi Soli
25%
1996 3 Giorgia Strano il mio destino
25%
1962 2 Sergio Bruni / Milva Tango italiano
25%
1978 2 Anna Oxa Un'emozione da poco
25%
2016 1 Stadio Un giorno mi dirai
25%
2021 3 Ermal Meta Un milione di cose da dirti
25%
1963 1 Tony Renis / Emilio Pericoli Uno per tutte
25%
1953 3 (ex aequo) Gino Latilla / Giorgio Consolini Vecchio scarpone
25%
2016 3 Giovanni Caccamo / Deborah Iurato Via da qui
25%
2015 3 Malika Ayane Adesso e qui (nostalgico presente)
13%
1998 2 Antonella Ruggiero Amore lontanissimo
13%
2004 3 Linda Aria, sole, terra e mare
13%
1979 2 Enzo Carella Barbara
13%
1955 3 Natalino Otto / Bruno Pallesi Canto nella valle
13%
1984 3 Christian Cara
13%
1989 3 Al Bano / Romina Power Cara terra mia
13%
1972 2 Peppino Gagliardi Come le viole
13%
2005 2 Toto Cutugno / Annalisa Minetti Come noi nessuno al mondo
13%
1973 2 Peppino Gagliardi Come un ragazzino
13%
2005 3 Antonella Ruggiero Echi d'infinito
13%
1993 3 Rossana Casale / Grazia Di Michele Gli amori diversi
13%
1962 3 Sergio Bruni / Ernesto Bonino Gondolì gondolà
13%
1972 3 Nada Il re di denari
13%
1959 2 Arturo Testa / Gino Latilla Io sono il vento
13%
1975 2 Angela Luce Ipocrisia
13%
1951 2 Nilla Pizzi / Achille Togliani La luna si veste d'argento
13%
1958 2 Nilla Pizzi / Tonina Torrielli L'edera
13%
2007 2 Al Bano Nel perdono
13%
1999 2 Antonella Ruggiero Non ti dimentico (Se non ci fossero le nuvole)
13%
1974 3 Orietta Berti Occhi rossi
13%
1979 3 I Camaleonti Quell'attimo in più
13%
1980 2 Enzo Malepasso Ti voglio bene
13%
1981 3 Dario Baldan Bembo Tu cosa fai stasera?
13%
1977 2 Collage Tu mi rubi l'anima
13%
1953 1 Carla Boni / Flo Sandon's Viale d'autunno
13%
1962 1 Domenico Modugno / Claudio Villa Addio...addio...
0%
1956 2 Tonina Torrielli Amami se vuoi
0%
1958 3 Gino Latilla / Nilla Pizzi Amare un'altra
0%
1953 2 Nilla Pizzi / Teddy Reno Campanaro
0%
1959 3 Jula de Palma / Tonina Torrielli Conoscerti
0%
1973 3 Milva Da troppo tempo
0%
1954 3 Gino Latilla / Franco Ricci ...e la barca tornò sola
0%
1988 2 Toto Cutugno Emozioni
0%
1963 3 Pino Donaggio / Cocky Mazzetti Giovane giovane
0%
1961 3 Milva / Gino Latilla Il mare nel cassetto
0%
1955 2 Claudio Villa / Tullio Pane Il torrente
0%
1966 3 Wilma Goich / Les Surfs In un fiore
0%
1988 3 Luca Barbarossa L'amore rubato
0%
1956 3 Luciana Gonzales La vita è un paradiso di bugie
0%
1977 3 I Santo California Monica
0%
1960 3 Wilma De Angelis / Joe Sentieri Quando vien la sera
0%
1957 3 Gino Latilla / Tonina Torrielli Scusami
0%
1952 3 Nilla Pizzi Una donna prega
0%
1969 3 Don Backy / Milva Un sorriso
0%
1957 2 Claudio Villa / Giorgio Consolini Usignolo
0%
1983 2 Donatella Milani Volevo dirti
0%
Nessun quiz corrispondente trovato
Distribuzione punteggi
Percentuale di utenti per punteggio
Percentile per numero di risposta
I tuoi punteggi nel tempo
Non hai fatto questo quiz dall'ultimo reset